Scottish Championship Football Teams by Logo - Statistics

General Stats
  • This quiz has been taken 65 times
  • The average score is 8 of 10
Answer Stats
Picture Answer % Correct
Falkirk
90%
Livingston
88%
Partick Thistle
88%
Ayr United
83%
Queen's Park
83%
Raith Rovers
83%
Dunfermline Athletic
81%
Hamilton Academical
75%
Greenock Morton
73%
Airdrieonians
69%
No matching quizzes found
Score Distribution
Percent of People with Each Score
Percentile by Number Answered
Your Score History
You have not taken this quiz